Percy Jackson Franchise - Statistics

General Stats
  • This quiz has been taken 79 times
  • The average score is 23 of 47
Answer Stats
Type Year Name Info % Correct
Video Game 2010 Percy Jackson and the Olympians: The Lightning Thief Activision
98%
Film 2013 Percy Jackson: Sea of Monsters 20th Century Fox
98%
Film 2010 Percy Jackson & the Olympians: The Lightning Thief 20th Century Fox
98%
Novel 2005 The Lightning Thief Rick Riordan
98%
Graphic Novel 2010 The Lightning Thief Robert Venditti
98%
Musical 2017 The Lightning Thief: The Percy Jackson Musical Rob Rokicki
98%
Novel 2006 The Sea of Monsters Rick Riordan
97%
Graphic Novel 2013 The Sea of Monsters Attila Futaki
97%
Novel 2011 The Son of Neptune Rick Riordan
92%
Graphic Novel 2017 The Son of Neptune Robert Venditti
92%
Novel 2007 The Titan's Curse Rick Riordan
92%
Graphic Novel 2013 The Titan's Curse Robert Venditti
92%
Novel 2009 The Last Olympian Rick Riordan
91%
Graphic Novel 2019 The Last Olympian Robert Venditti
91%
Novel 2008 The Battle of the Labyrinth Rick Riordan
89%
Graphic Novel 2018 The Battle of the Labyrinth Robert Venditti
89%
Novel 2010 The Lost Hero Rick Riordan
88%
Graphic Novel 2014 The Lost Hero Robert Venditti
88%
Novel 2012 The Mark of Athena Rick Riordan
88%
Novel 2013 The House of Hades Rick Riordan
84%
Novel 2014 The Blood of Olympus Rick Riordan
83%
Novel 2018 The Burning Maze Rick Riordan
41%
Short Story Collection 2012 The Demigod Diaries Rick Riordan
41%
Novel 2020 The Tower of Nero Rick Riordan
41%
Novel 2016 The Hidden Oracle Rick Riordan
38%
Short Story Collection 2009 The Demigod Files Rick Riordan
34%
Novel 2017 The Dark Prophecy Rick Riordan
33%
Short Story Collection 2019 Percy Jackson's Greek Gods Rick Riordan
31%
Novel 2019 The Tyrant's Tomb Rick Riordan
30%
Short Story 2013 The Son of Sobek Rick Riordan
22%
Short Story 2014 The Staff of Serapis Rick Riordan
13%
Short Story 2015 The Crown of Ptolemy Rick Riordan
11%
Short Story 2012 Percy Jackson and the Staff of Hermes Rick Riordan
9%
Short Story 2009 Percy Jackson and the Stolen Chariot Rick Riordan
8%
Short Story 2009 Percy Jackson and the Sword of Hades Rick Riordan
8%
Guidebook 2009 Percy Jackson and the Olympians: The Ultimate Guide Rick Riordan
6%
Short Story 2013 Percy Jackson and the Singer of Apollo Rick Riordan
6%
Short Story 2012 Leo Valdez and the Quest for Buford Rick Riordan
5%
Short Story 2009 Percy Jackson and the Bronze Dragon Rick Riordan
5%
Short Story 2012 The Diary of Luke Castellan Rick Riordan
5%
Short Story 2012 The Son of Magic Rick Riordan
5%
Short Story 2015 My Demon Satyr Tea Party Rick Riordan
3%
Short Story 2015 My Personal Zombie Apocalypse Rick Riordan
3%
Short Story Collection 2015 The Demigods of Olympus: An Interactive Adventure Rick Riordan
3%
Short Story 2015 The Library of Deadly Weapons Rick Riordan
3%
Short Story 2015 My Two Headed Guidance Counselor Rick Riordan
2%
Essay Collection 2008 Demigods and Monsters: Your Favorite Authors on Rick Riordan's Percy Jackson and the Olympians Series (Various)
0%
No matching quizzes found
Score Distribution
Percent of People with Each Score
Percentile by Number Answered
Your Score History
You have not taken this quiz